La guerre civile aux Etats-Unix, 1861-1865
Đã lưu trong:
| 主要作者: | |
|---|---|
| 格式: | 圖書 |
| 語言: | Undetermined |
| 出版: |
France
1970
|
| 主題: | |
| 標簽: |
添加標簽
沒有標簽, 成為第一個標記此記錄!
|
| Thư viện lưu trữ: | Trung tâm Học liệu Trường Đại học Cần Thơ |
|---|
| LEADER | 00472nam a2200169Ia 4500 | ||
|---|---|---|---|
| 001 | CTU_77907 | ||
| 008 | 210402s9999 xx 000 0 und d | ||
| 082 | |a 973.7 | ||
| 082 | |b M392 | ||
| 100 | |a Marx, Karl | ||
| 245 | 0 | |a La guerre civile aux Etats-Unix, 1861-1865 | |
| 245 | 0 | |c Karl Marx, Friedrich Engels | |
| 260 | |a France | ||
| 260 | |c 1970 | ||
| 650 | |a History of America,Civil war | ||
| 904 | |i Vương | ||
| 980 | |a Trung tâm Học liệu Trường Đại học Cần Thơ | ||